00888 a2200229 4500003000500000005001700005010001700022020002200039020002300061020002500084020002600109035002400135040000900159082001800168100002400186245005100210250001200261260005900273300003400332505025800366650003400624NUST20221230144607.0 a 2010017177 a0470741864 (pbk.) a0470741872 (cloth) a9780470741863 (pbk.) a9780470741870 (cloth) a(OCoLC)ocn613645390 cNust00a621.38456,MOL1 aMolisch, Andreas F.10aWireless communications /cAndreas F. Molisch. a2nd ed. aChichester, West Sussex, U.K. :bWiley :bIEEE,c2011. alvi, 827 p. :bill. ;c26 cm. aPart-1: Introduction (Page-1), Part-2: Wireless propagation channels (Page-45), Part-3: Transceivers and signal processing (Page-179), Part-4: Multiple access and advanced transceiver schemes (Page-363), Part-5: Standardized wireless systems (Page-499). 0aTelecommunication engineering